|
|
|
|
| LEADER |
00000nam a2200000 4500 |
| 001 |
vtls011898878 |
| 003 |
SK-MaSNL |
| 005 |
20260301052236.0 |
| 008 |
251112s1712 gw 000 0 lat |
| 015 |
|
|
|a SNBHFA1712
|
| 040 |
|
|
|a SNKHF
|b slo
|c SNK
|e rda
|
| 041 |
0 |
|
|a lat
|
| 044 |
|
|
|a gw
|c DE
|
| 072 |
|
7 |
|a 101
|x Filozofia
|2 konspekt
|
| 080 |
|
|
|a 101
|2 2011
|
| 080 |
|
|
|a 378.245
|2 2001
|
| 100 |
1 |
|
|a Stolle, Gottlieb,
|d 1673-1744
|4 aut
|9 360764
|
| 245 |
1 |
0 |
|a Selecta Logica Qvae In alma Saxonum Ducali Academia
|c Rectore Magnificentissimo Serenissimo Principe Ac Domino Domino Gvilielmo Henrico; Praeside M. Gottlieb Stollen
|
| 264 |
|
3 |
|a Jenæ
|b Litteris Gollnerianis
|c [1712]
|
| 300 |
|
|
|a 24 strán
|c 23 cm
|
| 336 |
|
|
|a text
|b txt
|2 rdacontent
|
| 337 |
|
|
|a bez média
|b n
|2 rdacarrier
|
| 338 |
|
|
|a zväzok
|b nc
|2 rdacarrier
|
| 500 |
|
|
|a Vinety, iniciálka s ornamentálnym pozadím na 4 riadky, kustódy
|
| 501 |
|
|
|a Príväzok 1. k: LEOPOLD, Daniel. G. B. V. Paradoxa Logica. Vitembergae: Formis Excvdebat Martinvs Schvlzivs Acad. Typogr, [1701].
|5 SNK IC 144756
|
| 508 |
|
|
|a Domino Domino Gvilielmo Henrico Dvce Saxoniae
|
| 546 |
|
|
|a Latinčina
|
| 550 |
|
|
|a Rok tlače uvedený podľa VD 18
|
| 561 |
|
|
|a Z knižnice Učenej spoločnosti malohontskej.
|5 SNK IC 144756/prív.1
|
| 650 |
0 |
7 |
|a dizertácie
|2 SNKPH
|9 4040
|
| 700 |
1 |
|
|a Gemeinhardt, Georg Samuel
|4 aut
|9 360765
|
| 700 |
0 |
|
|a Wilhelm Heinrich,
|c sasko-eisenachské knieža,
|d 1691-1741
|4 hnr
|9 180570
|
| 710 |
2 |
|
|a Učená spoločnosť malohontská
|4 fmo
|9 205374
|
| 710 |
2 |
|
|a Gollner, Johann (Jena, Nemecko)
|4 prt
|9 360766
|
| 752 |
|
|
|a Nemecko
|d Jena
|
| 852 |
|
|
|a snk
|b Historické fondy
|p IC 144756/prív.1
|
| 958 |
|
|
|a DD
|
| 999 |
|
|
|c 605366
|d 607296
|
| 952 |
|
|
|t MHC LXXXVI
|a SNK
|b SNK
|c SNK_HF
|y PREZ
|7 0
|p 17A1356681
|o snkIC 144756/prív.1
|i snk2019/28721
|8 5
|0 0
|1 0
|4 0
|d 2019-11-08
|l 0
|r 2026-02-23 16:06:55
|w 2026-02-23
|